00580 2200229 4500001002100000005001500021035002000036007000300056008004100059020002200100082001000122084001600132100001500148245005600163250001000219260003000229300003600259650001700295700001600312990001100328990001100339INLIS00000000000330720190608020504 a0010-0619000056ta190608 g 0 ind  a978-979-055-620-1 a741.5 a741.5 KOK a0 aKOKO, Nata1 aAneka Bentuk di Sekitarku /cKoko Nata, Tim Imagioo acet.1 aBandung :bImagioo,c2015 aiii, 44 hlm. :bilus. ;c25 cm. 4aGAMBAR.KOMIK0 aTIM, Imagoo a6715 a a6715 b